[Event "Bled op"]
[Site "Bled"]
[Date "1998.??.??"]
[Round "1"]
[White "Jelen, Igor"]
[Black "Grosar, Kiti"]
[Result "1/2-1/2"]
[WhiteElo "2430"]
[BlackElo "2225"]

1.d4 Nf6 2.c4 g6 3.Nc3 Bg7 4.e4 d6 5.Nf3 O-O 6.Be2 e5 7.O-O Nc6 8.d5 Ne7
9.Nd2 a5 10.a3 Nd7 11.Rb1 f5 12.b4 Kh8 13.f3 Ng8 14.Qc2 Ngf6 15.Bd3 f4 16.Be2 b6
17.Nb5 Ne8 18.Bb2 Qh4 19.c5 bxc5 20.Nb3 a4 21.Na5 g5 22.Nc6 Rf6 23.Ne7 Nf8
24.Nxc8 Rh6 25.h3 Rxc8 26.Bc3 g4 27.fxg4 cxb4 28.Rxb4 Nd7 29.Rxa4 Nc5 30.Rc4 Rg6
31.Be1 Qd8 32.Na7 Ra8 33.Nc6 Qd7 34.a4 Bf6 35.a5 Qg7 36.a6 Qh6 37.a7 Bh4
38.Bxh4 Qxh4 39.Rb1 Rg8 40.Qc3 Nd7 41.Rb8 Nef6 42.Rcb4 Nb6 43.Ba6 Nfd7 44.Rxa8 Rxa8
45.Bb7 Rf8 46.Qf3 Qe1+ 47.Qf1 Qe3+ 48.Qf2 Qa3 49.Qb2 Qe3+ 50.Qf2 Qa3 51.Kh1 Nc5
52.Qb2 Qe3 53.Rxb6 Qe1+ 54.Kh2 Qg3+  1/2-1/2

[Event "Bled op"]
[Site "Bled"]
[Date "1998.??.??"]
[Round "2"]
[White "Kozul, Zdenko"]
[Black "Braun, Marton"]
[Result "1-0"]
[WhiteElo "2585"]
[BlackElo "2220"]

1.d4 Nf6 2.Nf3 g6 3.c4 Bg7 4.Nc3 O-O 5.e4 d6 6.Be2 e5 7.O-O Nc6 8.d5 Ne7
9.Ne1 Nd7 10.Nd3 f5 11.Bd2 Nf6 12.f3 f4 13.c5 a6 14.a4 g5 15.a5 Bd7 16.Qb3 Rb8
17.cxd6 cxd6 18.Qa3 Be8 19.Nf2 Ng6 20.Na4 Bxa4 21.Qxa4 Rf7 22.Ra3 Rc7 23.Rfa1 Rbc8
24.Qd1 Qd7 25.Bf1 h5 26.g3 g4 27.fxg4 hxg4 28.Be2 f3 29.Bd3 Kf7 30.h3 gxh3
31.Qxf3 Rh8 32.Bf1 Rcc8 33.Rc1 Rxc1 34.Bxc1 h2+ 35.Kh1 Qc7 36.Rc3 Qxa5 37.Qf5 Nf8
38.g4 Ke7 39.Bg5 Qd8 40.Bxf6+ Bxf6 41.g5 Bg7 42.Bh3 b5 43.g6 Bf6 44.Ng4  1-0

[Event "Bled op"]
[Site "Bled"]
[Date "1998.??.??"]
[Round "2"]
[White "Stocek, Jiri"]
[Black "Brezovar, Matjaz"]
[Result "1-0"]
[WhiteElo "2450"]
[BlackElo "2195"]

1.d4 Nf6 2.c4 g6 3.Nc3 Bg7 4.e4 O-O 5.Be2 d6 6.Nf3 e5 7.O-O Nc6 8.d5 Ne7
9.b4 Nd7 10.c5 h6 11.Ba3 f5 12.Rc1 Nf6 13.Nd2 h5 14.b5 Ne8 15.Nc4 fxe4 16.Nxe4 Nf5
17.Re1 b6 18.cxd6 cxd6 19.Bb4 Rf7 20.a4 Bf8 21.Bd2 Bh6 22.Bd3 Bxd2 23.Qxd2 Kg7
24.f4 exf4 25.Qxf4 Nf6 26.Nexd6 Nxd6 27.Nxd6 Rd7 28.Re6  1-0

[Event "Bled op"]
[Site "Bled"]
[Date "1998.??.??"]
[Round "2"]
[White "Alexander, Paco"]
[Black "Ipavec, Petra"]
[Result "1-0"]
[WhiteElo "2180"]
[BlackElo "2100"]

1.Nf3 Nf6 2.c4 g6 3.Nc3 Bg7 4.e4 d6 5.d4 O-O 6.Be2 e5 7.O-O Nc6 8.d5 Ne7
9.Ne1 Nd7 10.Be3 f5 11.f3 f4 12.Bf2 g5 13.a4 Nf6 14.a5 a6 15.c5 Qe8 16.cxd6 cxd6
17.Na4 g4 18.Nb6 Rb8 19.Qa4 Qg6 20.Nxc8 Rbxc8 21.Bh4 gxf3 22.Bxf3 Rc7 23.Nd3 Rfc8
24.Rac1 Kf8 25.Rxc7 Rxc7 26.Nxe5 Qh6 27.Bf2 Qg5 28.Nd3 Ng4 29.Bxg4 Qxg4 30.Nxf4 Rc8
31.Ne6+ Kg8 32.Nxg7 Kxg7 33.Qd4+ Kg8 34.Qe3 Ng6 35.Bg3 Re8 36.Bxd6 Rxe4 37.Qg3 Qxg3
38.Bxg3 Nf8 39.d6 Nd7 40.Rc1 Kg7 41.Rc7  1-0

[Event "Bled op"]
[Site "Bled"]
[Date "1998.??.??"]
[Round "7"]
[White "Cebalo, Miso"]
[Black "Tratar, Marko"]
[Result "1-0"]
[WhiteElo "2515"]
[BlackElo "2420"]

1.d4 Nf6 2.Nf3 g6 3.c4 Bg7 4.Nc3 O-O 5.e4 d6 6.Be2 e5 7.O-O Nc6 8.Be3 Ng4
9.Bg5 f6 10.Bc1 Nh6 11.dxe5 dxe5 12.Qd5+ Kh8 13.Be3 Qe8 14.Rad1 Be6 15.Qd2 Ng8
16.Nd5 Rf7 17.b4 Rd7 18.b5 Nce7 19.Qc2 c6 20.Nb4 Bh6 21.Rxd7 Bxd7 22.Bxh6 Nxh6
23.Rd1 Nhg8 24.Qb2 Kg7 25.a4 Bg4 26.bxc6 bxc6 27.Nd3 Rd8 28.Ng5 Bc8 29.Nf3 Bg4
30.h3 Bxf3 31.Bxf3 Rd4 32.Nc5 Rxd1+ 33.Bxd1 Qf7 34.Be2 Nc8 35.Qb8 Nb6 36.a5 Nxc4
37.Bxc4 Qxc4 38.Qxa7+ Kh8 39.g3 f5 40.Nd7 f4 41.Qc7  1-0

[Event "Bled op"]
[Site "Bled"]
[Date "1998.??.??"]
[Round "8"]
[White "Kozul, Zdenko"]
[Black "Kutuzovic, Branko"]
[Result "1-0"]
[WhiteElo "2585"]
[BlackElo "2425"]

1.d4 Nf6 2.Nf3 g6 3.c4 Bg7 4.Nc3 d6 5.e4 O-O 6.Be2 e5 7.O-O Nc6 8.d5 Ne7
9.Ne1 Nd7 10.Nd3 f5 11.Bd2 Nf6 12.f3 f4 13.c5 g5 14.Rc1 Ng6 15.a4 Rf7 16.cxd6 cxd6
17.Nf2 h5 18.Nb5 Ne8 19.Qb3 Bd7 20.Rc3 Bf6 21.Na3 a6 22.Qb4 Qb8 23.Rb3 Bd8
24.Rc1 b5 25.axb5 a5 26.Qa4 Bb6 27.Nc4 g4 28.Nxb6 Qxb6 29.fxg4 hxg4 30.Rc6 Bxc6
31.bxc6 Qd8 32.Bxg4 Rfa7 33.Rh3 Rb8 34.Bc3 Nf6 35.Bf5 Kg7 36.g3 Qb6 37.Qd1 Rh8
38.Rxh8 fxg3 39.hxg3 Nxh8 40.Kg2 Qd8 41.Bd2 Nf7 42.Be3 Ra8 43.Ng4 Rb8 44.b3 a4
45.Nxf6 Qxf6 46.Qg4+  1-0

[Event "Bled op"]
[Site "Bled"]
[Date "1998.??.??"]
[Round "9"]
[White "Taggatz, Mario"]
[Black "Osterman, Rudolf"]
[Result "0-1"]
[WhiteElo "2220"]
[BlackElo "2400"]

1.d4 Nf6 2.c4 g6 3.Nc3 Bg7 4.e4 d6 5.Be2 O-O 6.Nf3 e5 7.O-O Nc6 8.d5 Ne7
9.Ne1 Nd7 10.Nd3 f5 11.Bd2 Kh8 12.Rc1 Ng8 13.f3 f4 14.a4 Rf7 15.Nb5 Ndf6
16.c5 Ne8 17.cxd6 cxd6 18.Nf2 Bf8 19.Rc3 Rg7 20.Qc2 Bd7 21.Rc1 a6 22.Na3 g5
23.Nc4 b5  0-1

[Event "Bodensee Cup 4th"]
[Site "Bodensee"]
[Date "1998.??.??"]
[Round "1"]
[White "Hecht, Hans Joachim"]
[Black "Jenni, Florian"]
[Result "0-1"]
[WhiteElo "2425"]
[BlackElo "2130"]

1.d4 Nf6 2.Nf3 g6 3.c4 Bg7 4.Nc3 O-O 5.e4 d6 6.Be2 e5 7.O-O Nc6 8.d5 Ne7
9.Nd2 Ne8 10.b4 f5 11.f3 f4 12.a4 h5 13.c5 g5 14.Nc4 Rf7 15.Ba3 Ng6 16.a5 Bf8
17.b5 b6 18.axb6 axb6 19.cxb6 cxb6 20.Na2 Nf6 21.Nb4 g4 22.Nc6 Qc7 23.Bb4 Rxa1
24.Qxa1 Nh4 25.Kh1 Rg7 26.Rg1 g3 27.Qa8 gxh2 28.Kxh2 Qd7 29.Bf1 Qh3+  0-1

[Event "Bodensee Cup 4th"]
[Site "Bodensee"]
[Date "1998.??.??"]
[Round "1"]
[White "Zueger, Beat"]
[Black "Gruenberg, Hans Ulrich"]
[Result "1/2-1/2"]
[WhiteElo "2395"]
[BlackElo "2455"]

1.c4 Nf6 2.Nf3 g6 3.Nc3 Bg7 4.e4 d6 5.d4 O-O 6.Be2 e5 7.O-O Nc6 8.d5 Ne7
9.b4 Nh5 10.Re1 a5 11.bxa5 c5 12.Nd2 Nf4 13.Bf1 Rxa5 14.a4 Ra6 15.Ra3 Kh8
16.Nb5 Ng8 17.g3 Nh5 18.Bg2 Bh6 19.Bb2 f6 20.Nf1 Ng7 21.Bc1 Bxc1 22.Qxc1 f5
23.exf5 Nxf5 24.Nd2 Nf6 25.Ne4 Nxe4 26.Rxe4 Nd4 27.Nxd4 exd4 28.g4 Bd7 29.Qh6 Rf7
30.Rh3 Kg8 31.Re6 Bxe6 32.dxe6 Rg7 33.Bd5 Qe7 34.Rf3 Ra8 35.Rb3 Qf6 36.Rf3 Qe7
37.Rb3 Qf6 38.Rf3  1/2-1/2

[Event "Bratto op"]
[Site "Bratto"]
[Date "1998.??.??"]
[Round "?"]
[White "Todor, Razvan"]
[Black "Menoni, Vincenzo"]
[Result "1/2-1/2"]
[WhiteElo "2160"]
[BlackElo "2285"]

1.c4 g6 2.Nc3 Bg7 3.e4 d6 4.d4 Nf6 5.Be2 O-O 6.Nf3 e5 7.O-O Nc6 8.d5 Ne7
9.b4 Nh5 10.Re1 a5 11.Ba3 Nf4 12.Bf1 axb4 13.Bxb4 Bg4 14.h3 Bxf3 15.Qxf3 c5
16.dxc6 Nxc6 17.a3 Ne6 18.Nb5 Ncd4 19.Nxd4 exd4 20.Qb3 Re8 21.Bd2 Rb8 22.Rac1 Qe7
23.Qb5  1/2-1/2

[Event "Bucharest Cup GM"]
[Site "Bucharest"]
[Date "1998.??.??"]
[Round "?"]
[White "Benkovic, Petar"]
[Black "Sofronie, Iulian"]
[Result "0-1"]
[WhiteElo "2310"]
[BlackElo "2405"]

1.d4 Nf6 2.c4 g6 3.Nc3 Bg7 4.e4 d6 5.Nf3 O-O 6.Be2 e5 7.O-O Nc6 8.d5 Ne7
9.b4 Nh5 10.Re1 a5 11.bxa5 Rxa5 12.Nd2 Nf4 13.Bf1 c5 14.a4 Ra6 15.Ra3 g5
16.Nb5 g4 17.g3 Nfg6 18.Be2 Qd7 19.Rf1 h6 20.Bb2 Kh8 21.Bd3 h5 22.h3 Bh6
23.hxg4 hxg4 24.Kg2 Kg7 25.Rh1 Rh8 26.Rh5 Ng8 27.Bc1 Nf6 28.Rh1 Qd8 29.Ra1 Bf4
30.Rxh8 Qxh8 31.Qh1 Nh5 32.Kg1 Bg5 33.Nb3 Qh6 34.Bxg5 Qxg5 35.Qg2 Bd7 36.a5 Qf6
37.Kf1 Ra8 38.Ke1 Rh8 39.Kd2 Nhf4 40.gxf4 Nxf4 41.Qf1 Rh2 42.Qg1 Rg2 43.Qe1 g3
44.Qe3 Rxf2+ 45.Kc3 Nxd3 46.Qxg3+ Kf8 47.Nd2 Nf4 48.Kc2 Rg2 49.Qe3 Qg6 50.Nc3 Rg3
51.Qf2 Nd3 52.Qh2 Nb4+ 53.Kb3 Rh3 54.Qf2 Nd3 55.Qe2 Bg4 56.Qg2 Nf4 57.Qf2 Ne2
58.Nb1 Nd4+ 59.Ka3 Rf3 60.Qh2 Qxe4 61.Qh4 Qg6 62.Qd8+ Kg7  0-1

[Event "Bucharest Cup GM"]
[Site "Bucharest"]
[Date "1998.??.??"]
[Round "?"]
[White "Svetushkin, Dmitry"]
[Black "Sofronie, Iulian"]
[Result "1-0"]
[WhiteElo "2460"]
[BlackElo "2405"]

1.Nf3 Nf6 2.c4 g6 3.Nc3 Bg7 4.e4 d6 5.d4 O-O 6.Be2 e5 7.O-O Nc6 8.d5 Ne7
9.Ne1 Nd7 10.Nd3 f5 11.Bd2 Nf6 12.f3 f4 13.c5 g5 14.Rc1 Ng6 15.Nb5 g4 16.cxd6 cxd6
17.Nc7 g3 18.h3 Bxh3 19.gxh3 Nh4 20.Ne1 Bh6 21.Ng2 Nxe4 22.fxe4 Rc8 23.Nxh4  1-0

[Event "Primavara"]
[Site "Bucharest"]
[Date "1998.??.??"]
[Round "3"]
[White "Berezin, Oleg"]
[Black "Vajda, Levente"]
[Result "1/2-1/2"]
[WhiteElo "2455"]
[BlackElo "2440"]

1.d4 Nf6 2.c4 g6 3.Nc3 Bg7 4.e4 O-O 5.Be2 d6 6.Nf3 e5 7.O-O Nc6 8.d5 Ne7
9.b4 Nh5 10.Re1 f5 11.Ng5 Nf6 12.Bf3 c6 13.Bb2 h6 14.Ne6 Bxe6 15.dxe6 Nxe4
16.Nxe4 fxe4 17.Rxe4 Nf5 18.Re2 Qe7 19.b5 Nh4 20.Be4 Rac8 21.bxc6 bxc6 22.Rd2 Rf4
23.f3 Rcf8 24.Kh1 Nf5 25.Qe2 Qxe6 26.g3 Rxe4 27.Qxe4 Rc8 28.f4 Kh7 29.fxe5 dxe5
30.Rad1 Rc7 31.Rd3 Rf7 32.Kg2 Qf6 33.Rf3 Qe6 34.Rdf1 Rb7 35.Bc3 Rd7 36.Rxf5 gxf5
37.Rxf5 Kg8 38.h4 Rd1 39.Rf2 Rc1 40.Qe3 Rd1 41.Qe4 Rc1 42.Rf3 Qd7 43.Rd3 Rc2+
44.Kg1 Rc1+  1/2-1/2

[Event "Primavara (Women)"]
[Site "Bucharest"]
[Date "1998.??.??"]
[Round "6"]
[White "Olarasu, Gabriela"]
[Black "Petrenko, Svetlana"]
[Result "1-0"]
[WhiteElo "2270"]
[BlackElo "2275"]

1.Nf3 Nf6 2.c4 g6 3.Nc3 Bg7 4.e4 d6 5.d4 O-O 6.Be2 e5 7.O-O Nc6 8.d5 Ne7
9.a4 a5 10.Ne1 Nd7 11.Nd3 f5 12.f3 f4 13.Nb5 g5 14.Bd2 Rf6 15.b4 c6 16.Na3 axb4
17.Bxb4 c5 18.Bc3 h5 19.Nb5 Rh6 20.a5 Nf6 21.Qd2 Ng6 22.Rfb1 Ra6 23.Qb2 Ne8
24.Nf2 Nf8 25.Ra3 Rg6 26.h3 Nf6 27.Rb3 g4 28.fxg4 hxg4 29.Nxg4 Nxg4 30.Bxg4 Bxg4
31.hxg4 Rxg4 32.Qe2 Rg6 33.Na3 Qf6 34.Be1 Nh7 35.Qh5 Qg5 36.Qh3 Qg4 37.Qxg4 Rxg4
38.Kf1 Nf6 39.Rxb7 Nxe4 40.R1b6 Rxb6 41.axb6 Ng3+ 42.Bxg3 fxg3 43.Rb8+ Kh7
44.b7 Rf4+ 45.Ke1 Re4+ 46.Kd1 Rd4+ 47.Kc2 Rf4 48.Ra8 Rf2+ 49.Kd3 Rxg2 50.b8=Q Rh2
51.Qg8+  1-0

[Event "Ciocaltea mem"]
[Site "Bucharest"]
[Date "1998.??.??"]
[Round "8"]
[White "Kiselev, Sergey"]
[Black "Rogozenko, Dorin"]
[Result "1-0"]
[WhiteElo "2510"]
[BlackElo "2495"]

1.d4 Nf6 2.Nf3 g6 3.c4 Bg7 4.Nc3 O-O 5.e4 d6 6.Be2 e5 7.O-O Nc6 8.d5 Ne7
9.b4 c6 10.Bg5 cxd5 11.cxd5 Ne8 12.a4 f5 13.a5 h6 14.Bxe7 Qxe7 15.Rc1 h5
16.Nd2 Bh6 17.Rc2 Nf6 18.Bd3 Bd7 19.Re1 Rac8 20.f3 h4 21.Nf1 fxe4 22.fxe4 Ng4
23.Bb5 Rxf1+ 24.Kxf1 Ne3+ 25.Rxe3 Bxe3 26.Bxd7 Qxd7 27.Qd3 Bd4 28.Ke1 Qf7
29.Nb5 Rf8 30.Nc7 Bf2+ 31.Kd1 Bg1 32.h3 Qf1+ 33.Qxf1 Rxf1+ 34.Ke2 Rb1 35.Rc4 Rb2+
36.Kf1 Rb1+ 37.Ke2 Rb2+ 38.Ke1 Rxg2 39.Nb5 Rg3 40.Kf1 Bd4  1-0

[Event "Ciocaltea mem"]
[Site "Bucharest"]
[Date "1998.??.??"]
[Round "10"]
[White "Kiselev, Sergey"]
[Black "Milu, Romeo Sorin"]
[Result "1/2-1/2"]
[WhiteElo "2510"]
[BlackElo "2395"]

1.d4 g6 2.c4 Nf6 3.Nc3 Bg7 4.e4 d6 5.Be2 O-O 6.Nf3 e5 7.O-O Nc6 8.d5 Ne7
9.b4 Nh5 10.Re1 Nf4 11.Bf1 a5 12.bxa5 c5 13.a4 Rxa5 14.Ra3 h6 15.Nb5 g5 16.Nd2 Ra6
17.g3 Nfg6 18.Be2 Qd7 19.Bh5 f5 20.exf5 Qxf5 21.Rf3 Nf4  1/2-1/2

[Event "Ciocaltea mem"]
[Site "Bucharest"]
[Date "1998.??.??"]
[Round "13"]
[White "Kiselev, Sergey"]
[Black "Vajda, Levente"]
[Result "1-0"]
[WhiteElo "2510"]
[BlackElo "2440"]

1.d4 Nf6 2.Nf3 g6 3.c4 Bg7 4.Nc3 O-O 5.e4 d6 6.Be2 e5 7.O-O Nc6 8.d5 Ne7
9.b4 Nh5 10.Re1 f5 11.Ng5 Nf6 12.Bf3 h6 13.Ne6 Bxe6 14.dxe6 c6 15.Bb2 fxe4
16.Bxe4 Nxe4 17.Nxe4 Nf5 18.Qg4 Kh7 19.Rad1 Qe7 20.Rd3 Rad8 21.Rh3 Rde8 22.Rd1 h5
23.Qe2 Kg8 24.b5 Qxe6 25.Ra3 Nd4 26.Qd3 d5 27.cxd5 cxd5 28.Ng5 Qb6 29.Bxd4 exd4
30.h4 Rf5 31.Nf3 Re4 32.Rc1 Rf8 33.g3 Qf6 34.Rf1 Bh6 35.Kg2 Rc8 36.Rd1 Be3
37.Rf1 Bc1 38.Rxa7 Rc3 39.Qd1 Qb6 40.Ra8+ Kg7 41.a4 d3 42.a5 Qxb5 43.a6 bxa6
44.Ra7+ Kg8 45.Ra8+ Re8 46.Nd4 Qd7 47.Rxa6 Kh7 48.Qf3 Bh6 49.Rfa1 Bg7 50.Ra7 Rc7
51.Rxc7 Qxc7 52.Qxd3 Re4 53.Nb5 Qc6 54.Ra7 d4 55.Qf3 Qd5 56.Nd6 Qxd6 57.Qxe4 d3
58.Qb7 Qd4 59.Qd7 Qc3 60.Rc7 Qe5 61.Rc4  1-0

[Event "Primavara"]
[Site "Bucharest"]
[Date "1998.??.??"]
[Round "13"]
[White "Itkis, Boris"]
[Black "Vasiesiu, Dan"]
[Result "1-0"]
[WhiteElo "2460"]
[BlackElo "2420"]

1.d4 Nf6 2.Nf3 g6 3.c4 Bg7 4.Nc3 O-O 5.e4 d6 6.Be2 e5 7.O-O Nc6 8.dxe5 dxe5
9.Bg5 Qxd1 10.Rfxd1 Bg4 11.Rd3 Bxf3 12.Bxf3 Nd4 13.Nd5 Nd7 14.Be7 Rfc8 15.Bg4 f5
16.exf5 gxf5 17.Rxd4 exd4 18.Bxf5 Nb6 19.Be6+ Kh8 20.Bxc8 Rxc8 21.Nxb6 cxb6
22.b3 Re8 23.Bb4 d3 24.Re1  1-0

[Event "Ciocaltea mem"]
[Site "Bucharest"]
[Date "1998.??.??"]
[Round "13"]
[White "Ionescu, Constantin"]
[Black "Nevednichy, Vladislav"]
[Result "1/2-1/2"]
[WhiteElo "2495"]
[BlackElo "2550"]

1.d4 Nf6 2.c4 g6 3.Nc3 Bg7 4.e4 O-O 5.Nf3 d6 6.Be2 e5 7.O-O Nc6 8.d5 Ne7
9.b4 Nh5 10.Re1 a5 11.bxa5 c5 12.Nd2 Nf4 13.Bf1 Rxa5 14.a4 Ra6 15.Ra3 h5
16.Nf3 f6 17.Kh1 g5 18.Ng1 g4  1/2-1/2

[Event "Budapest Nyar op"]
[Site "Budapest"]
[Date "1998.??.??"]
[Round "3"]
[White "Csonkics, Tunde"]
[Black "Burghardt, J."]
[Result "1/2-1/2"]
[WhiteElo "2225"]
[BlackElo "2155"]

1.d4 Nf6 2.c4 g6 3.Nc3 Bg7 4.e4 d6 5.Be2 O-O 6.Nf3 e5 7.O-O Nc6 8.Be3 Bg4
9.d5 Bxf3 10.Bxf3 Ne7 11.c5 Ne8 12.Be2 f5 13.f3 h6 14.Rc1 Kh7 15.b4 h5 16.Qd2 Ng8
17.exf5 gxf5 18.f4 e4 19.Bxh5 Ngf6 20.Bxe8 Qxe8 21.cxd6 cxd6 22.Ne2 Qb5 23.Rfd1 Rac8
24.a3 Ng4 25.Bd4 Bxd4+ 26.Nxd4 Qxd5 27.h3 e3 28.Qe2 Rxc1 29.Rxc1 Qxd4 30.hxg4 Qxf4
31.Rf1 Qg5 32.gxf5 Kg7 33.Qd3 Qe7 34.Qd4+ Qe5 35.Qg4+ Kf6 36.Qh4+ Kf7 37.Qh6 d5
38.Qh7+ Kf6 39.Rc1  1/2-1/2

[Event "Budapest FS06 IM"]
[Site "Budapest"]
[Date "1998.??.??"]
[Round "4"]
[White "Szeberenyi, Adam"]
[Black "Horvath, Gabor"]
[Result "1-0"]
[WhiteElo "2220"]
[BlackElo "2245"]

1.d4 Nf6 2.c4 g6 3.Nc3 Bg7 4.e4 d6 5.Be2 O-O 6.Nf3 e5 7.O-O Nc6 8.d5 Ne7
9.b4 Nh5 10.Re1 Nf4 11.Bf1 a5 12.bxa5 Rxa5 13.a4 c5 14.Nd2 h6 15.Nb3 Ra8
16.a5 g5 17.Na4 f5 18.Nb6 Rb8 19.g3 Nfg6 20.Nxc5 dxc5 21.d6 Be6 22.dxe7 Qxe7
23.exf5 Bxf5 24.Be3 e4 25.Qd5+ Rf7 26.Bxc5 Qf6 27.Rad1 Ne5 28.Be2 Re8 29.Bd4 Bg6
30.Nd7 Nf3+ 31.Kh1 Qf5 32.Qxf5 Bxf5 33.Bxf3 Bxd7 34.Bh5 Ba4 35.Bxf7+ Kxf7
36.Bxg7 Bxd1 37.Rxd1 Kxg7 38.Rd7+ Kf6 39.Rxb7 Ke5 40.a6 Ra8 41.Rb6 h5 42.Rb5+ Kd4
43.Rxg5 h4 44.gxh4 Rxa6 45.c5 Kd3 46.Rf5 Ke2 47.Kg2 Rg6+ 48.Kh3 Kf1 49.h5 Rg2
50.c6 Kg1 51.c7 Rxh2+ 52.Kg3 Rg2+ 53.Kh4 Rg8 54.h6  1-0

[Event "Budapest FS07 IM-B"]
[Site "Budapest"]
[Date "1998.??.??"]
[Round "6"]
[White "Dudas, Janos"]
[Black "Moise, Adrian"]
[Result "1/2-1/2"]
[WhiteElo "2405"]
[BlackElo "2245"]

1.d4 Nf6 2.Nf3 g6 3.c4 Bg7 4.Nc3 O-O 5.e4 d6 6.Be2 e5 7.O-O Nc6 8.d5 Ne7
9.Nd2 Ne8 10.b4 f5 11.c5 Nf6 12.f3 f4 13.Nc4 g5 14.a4 Ng6 15.Ba3 Rf7 16.b5 dxc5
17.Bxc5 h5 18.a5 g4  1/2-1/2

[Event "Budapest FS07 IM-A"]
[Site "Budapest"]
[Date "1998.??.??"]
[Round "9"]
[White "Nguyen Thi Thanh An"]
[Black "Farago, Sandor"]
[Result "1/2-1/2"]
[WhiteElo "2095"]
[BlackElo "2285"]

1.d4 Nf6 2.c4 d6 3.Nc3 g6 4.e4 Bg7 5.Nf3 O-O 6.Be2 e5 7.O-O Nc6 8.d5 Ne7
9.b4 a5 10.Ba3 axb4 11.Bxb4 Ne8 12.Nb5 f5  1/2-1/2

[Event "Golden Cleopatra"]
[Site "Cairo"]
[Date "1998.??.??"]
[Round "8"]
[White "El Ghazali, Youssef M"]
[Black "Stoockalov, Vladimir L"]
[Result "1/2-1/2"]
[WhiteElo "2385"]
[BlackElo "2470"]

1.Nf3 Nf6 2.c4 g6 3.Nc3 Bg7 4.e4 d6 5.d4 O-O 6.Be2 e5 7.O-O Nc6 8.d5 Ne7
9.b4 Nh5 10.Re1 f5 11.Ng5 Nf6 12.Bf3 c6 13.Be3 cxd5 14.cxd5 h6 15.Ne6 Bxe6
16.dxe6 fxe4 17.Nxe4 Nxe4 18.Bxe4 d5 19.Bc2 b6 20.Qg4 Rf6 21.Ba4 Qd6 22.Bd7 Raf8
23.Rf1 Nc6 24.b5 Nd8 25.Qa4 Nxe6 26.Bc6 R8f7 27.Qb3 d4 28.Bd2 a5 29.Rac1 Kh7
30.Qd3 Nc5 31.Qc4 Ne6 32.f3 Rc7 33.Qd3 h5 34.Rfe1 Nd8 35.Be4 Bh6 36.Rxc7+ Qxc7
37.Rc1 Qd7 38.Bxh6 Kxh6 39.a4 Kg7 40.Qc4 Rd6 41.Qd3 Ne6 42.Bc6 Nf4 43.Qd2 Qf5
44.Be4 Qf7 45.Rc6 Rxc6 46.bxc6 Qc4 47.g3 Ne6 48.h4 Qxa4 49.Qc1 Nc5 50.c7 Qd7
51.Qg5 Qxc7 52.Bxg6 Ne6 53.Qxh5 Nf8 54.Be4 Qd6 55.Qg5+ Kf7 56.Qf5+ Qf6 57.Qc8 Qd6
58.Qf5+ Ke7 59.h5 Qf6 60.Qc8 Kf7 61.Qb7+ Kg8 62.Kg2 Kh8 63.g4 Kg8 64.Kf1 Kh8
65.Kg2 Kg8 66.Qc7 Kh8  1/2-1/2

[Event "Cannes op"]
[Site "Cannes"]
[Date "1998.??.??"]
[Round "1"]
[White "Zueger, Beat"]
[Black "Kaabi, Mejdi"]
[Result "1/2-1/2"]
[WhiteElo "2445"]
[BlackElo "2330"]

1.c4 Nf6 2.Nc3 g6 3.e4 d6 4.d4 Bg7 5.Nf3 O-O 6.Be2 e5 7.O-O Nc6 8.d5 Ne7
9.b4 c6 10.Qb3 cxd5 11.cxd5 Nh5 12.Rd1 h6 13.Nd2 Nf4 14.Bf1 g5 15.Nc4 Bg4
16.f3 Bd7 17.b5 Nc8 18.Ba3 Qf6 19.Rac1 g4 20.fxg4 Bxg4 21.Re1 Qg6 22.Ne3 Nh3+
23.Kh1 Nf2+ 24.Kg1 Nh3+ 25.Kh1 Nf2+ 26.Kg1 Nh3+  1/2-1/2

[Event "Cannes op"]
[Site "Cannes"]
[Date "1998.??.??"]
[Round "7"]
[White "Roeder, Mathias"]
[Black "Kaabi, Mejdi"]
[Result "1/2-1/2"]
[WhiteElo "2435"]
[BlackElo "2330"]

1.d4 Nf6 2.c4 g6 3.Nc3 Bg7 4.e4 d6 5.Be2 O-O 6.Nf3 e5 7.O-O Nc6 8.d5 Ne7
9.Ne1 Nd7 10.Nd3 f5 11.Bd2 Nf6 12.f3 f4 13.c5 g5 14.Rc1 Ng6 15.cxd6 cxd6
16.Nb5 Rf7 17.Qc2 Ne8 18.a4 h5 19.Nf2 Bd7 20.h3 Bf8 21.Qb3 Rg7 22.Rc2 Nh4
23.Rfc1 g4 24.fxg4 hxg4 25.hxg4 Rh7 26.a5 Bh6 27.Kf1 a6 28.Na3 f3 29.Bxf3 Bxd2
30.Rxd2 Qxa5 31.Nc4 Bb5 32.Qe3 Nxf3 33.gxf3 Rc8 34.Rdc2 Qb4 35.b3 Rcc7 36.Kg2 Qc5
37.Qxc5 Rxc5 38.Na3 Rxc2 39.Rxc2 Rc7 40.Rxc7 Nxc7 41.Nxb5 Nxb5 42.b4 b6 43.Nd3 Kf7
44.f4 exf4 45.Kf3 a5 46.bxa5 bxa5 47.Nb2 Kg6 48.Kxf4 Nc3 49.Nc4 a4 50.Na3 Kf6
51.Ke3 Nd1+ 52.Ke2 Nc3+ 53.Kd3 Nd1 54.Nc4 Nf2+ 55.Kd4 Nxg4 56.Nxd6 a3 57.Kc3 a2
58.Kb2 Ke5 59.Nb7 Ne3 60.Kxa2 Nxd5  1/2-1/2

[Event "Cappelle op"]
[Site "Cappelle la Grande"]
[Date "1998.??.??"]
[Round "6"]
[White "Marchand, Francois"]
[Black "Renet, Olivier"]
[Result "0-1"]
[WhiteElo "2305"]
[BlackElo "2490"]

1.d4 Nf6 2.c4 g6 3.Nc3 Bg7 4.e4 d6 5.Nf3 O-O 6.Be2 e5 7.O-O Nc6 8.d5 Ne7
9.b4 Nh5 10.Qb3 Kh8 11.c5 f5 12.cxd6 cxd6 13.Ng5 fxe4 14.Bxh5 gxh5 15.Ncxe4 Nf5
16.Bb2 Qe8 17.Rad1 Qg6 18.Ne6 Rg8 19.Kh1 Bd7 20.Rg1 Rae8 21.Nxg7 Nxg7 22.f3 Bf5
23.Qe3 Rc8 24.Rc1 Rxc1 25.Rxc1 Bxe4 26.fxe4 Ne8 27.Qe2 Nf6 28.Re1 Rc8 29.b5 h4
30.Ba3 Kg8 31.Bxd6 Nxe4 32.Bxe5 Rc2 33.Qf3 h3 34.Ra1 hxg2+ 35.Kg1 Nd2  0-1

[Event "Cappelle op"]
[Site "Cappelle la Grande"]
[Date "1998.??.??"]
[Round "6"]
[White "Gleizerov, Evgeny"]
[Black "Sulava, Nenad"]
[Result "1-0"]
[WhiteElo "2545"]
[BlackElo "2450"]

1.d4 Nf6 2.c4 g6 3.Nc3 Bg7 4.e4 d6 5.Nf3 O-O 6.Be2 e5 7.O-O Nc6 8.d5 Ne7
9.Nd2 Nd7 10.b4 f5 11.c5 Nf6 12.f3 f4 13.Nc4 g5 14.a4 Ng6 15.cxd6 cxd6 16.Nb5 Ne8
17.Bd2 Rf6 18.Be1 Nf8 19.Bf2 Rh6 20.Nxa7 Rxa7 21.Bxa7 Nf6 22.Nb6 g4 23.Nxc8 Rxh2
24.Kxh2 g3+ 25.Kg1 N6d7 26.Nxd6 Qh4 27.Re1 Ng6 28.Nf5 Qh2+ 29.Kf1 b6 30.Bb5  1-0

[Event "Cappelle op"]
[Site "Cappelle la Grande"]
[Date "1998.??.??"]
[Round "7"]
[White "Lalic, Bogdan"]
[Black "Murrey, Jacob"]
[Result "1-0"]
[WhiteElo "2545"]
[BlackElo "2420"]

1.d4 Nf6 2.c4 g6 3.Nc3 Bg7 4.e4 d6 5.Nf3 O-O 6.Be2 e5 7.O-O Nc6 8.d5 Ne7
9.Ne1 c6 10.Be3 a6 11.Rc1 cxd5 12.cxd5 b5 13.Nd3 Bd7 14.f3 Ne8 15.Qb3 Rb8
16.a4 bxa4 17.Qa3 Rb3 18.Qa2 Bb5 19.Rfd1 Qd7 20.Ra1 Qb7 21.Nxa4 Bc4 22.Qb1 Nf6
23.Qc1 Rc8 24.Qd2 Nd7 25.Rdc1 h5 26.Rc2 Kh7 27.Ndc5 Nxc5 28.Nxc5 Rxc5 29.Bxc4 Rxe3
30.Qxe3 a5 31.b3 f5 32.Rca2 Qc7 33.Qe1 fxe4 34.fxe4 Ng8 35.Rxa5 Nf6 36.Ra7 Qc8
37.h3 Rc7 38.Rxc7 Qxc7 39.Qe3 Qb8 40.Ra7 h4 41.Be2 Kg8 42.Ra4 Qc8 43.Kh2 Kh7
44.Ra7 Qb8 45.Bf3 Kh8 46.Ra6 Ng8 47.Qg5 Bh6 48.Qxh4 Kg7 49.Qf2 Qxb3 50.Rb6 Qa3
51.Rb7+ Kh8 52.Qa7  1-0

[Event "Ceske Budejovice op"]
[Site "Ceske Budejovice"]
[Date "1998.??.??"]
[Round "?"]
[White "Namgilov, Sogto"]
[Black "Hermansson, Emil"]
[Result "1/2-1/2"]
[WhiteElo "2430"]
[BlackElo "2340"]

1.d4 Nf6 2.c4 g6 3.Nc3 Bg7 4.e4 d6 5.Nf3 O-O 6.Be2 e5 7.O-O Nc6 8.d5 Ne7
9.b4 a5 10.Ba3 Nd7 11.bxa5 Rxa5 12.Bb4 Ra8 13.a4 b6 14.Nd2 Nc5 15.a5 Bh6
16.Ra3 Bd7 17.Qc2 Na6 18.Rb1 c5 19.dxc6 Nxb4 20.Rxb4 bxa5 21.Rb1 Nxc6 22.Nb5 Qb6
23.Qd1 Bxd2 24.Qxd2 Nd4 25.Bf1 Bxb5 26.cxb5 Rfc8 27.Rb2 Rc5 28.Qh6 Ra7 29.Rh3 f6
30.Ra3 Rac7 31.Ra1 f5 32.exf5 Nxf5 33.Qd2 Rc3 34.Rba2 Nd4 35.Rxa5 Nb3 36.Qd5+ Kg7
37.Ra6 Qb7 38.Rd1 Qxd5 39.Rxd5 Nd4 40.Raxd6 Rc1 41.Rxe5 Rd1 42.Rxd4  1/2-1/2

[Event "Chemnitz op"]
[Site "Chemnitz"]
[Date "1998.??.??"]
[Round "2"]
[White "Lomineishvili, Maia"]
[Black "Lanka, Zigurds"]
[Result "1/2-1/2"]
[WhiteElo "2335"]
[BlackElo "2525"]

1.d4 Nf6 2.c4 g6 3.Nc3 Bg7 4.e4 d6 5.Be2 O-O 6.Nf3 e5 7.O-O Nc6 8.d5 Ne7
9.b4 a5 10.Ba3 axb4 11.Bxb4 b6 12.a4 Re8 13.Nd2 c5 14.Ba3 Bh6 15.Nb3 Rf8
16.Bb2 Bd7 17.Bd3 Ne8 18.Nb5 f5 19.Bc3 Bxb5 20.axb5 Nf6  1/2-1/2

[Event "Chemnitz op"]
[Site "Chemnitz"]
[Date "1998.??.??"]
[Round "9"]
[White "Lomineishvili, Maia"]
[Black "Uhlmann, Wolfgang"]
[Result "1/2-1/2"]
[WhiteElo "2335"]
[BlackElo "2495"]

1.d4 Nf6 2.c4 g6 3.Nc3 Bg7 4.e4 d6 5.Be2 O-O 6.Nf3 e5 7.O-O Nc6 8.d5 Ne7
9.b4 Nh5 10.Re1 f5 11.Ng5 Nf6 12.Bf3 fxe4 13.Ncxe4 Nf5 14.Nxf6+ Bxf6 15.Ne4 Nd4
16.Be2 a5 17.bxa5 Rxa5 18.Bd2 Ra7 19.a4 Bf5 20.Bd3 Qd7 21.a5 Be7 22.Bc3 Bh4
23.Bxd4 exd4 24.Ng3 Bxg3 25.hxg3 Qg7  1/2-1/2

[Event "Creon op"]
[Site "Creon"]
[Date "1998.??.??"]
[Round "3"]
[White "Grigore, George"]
[Black "Leygue, Dominique"]
[Result "1/2-1/2"]
[WhiteElo "2480"]
[BlackElo "2275"]

1.d4 Nf6 2.c4 g6 3.Nc3 Bg7 4.e4 O-O 5.Be2 d6 6.Nf3 e5 7.O-O Nc6 8.d5 Ne7
9.Nd2 Nd7 10.b4 f5 11.c5 Nf6 12.f3 f4 13.Nc4 g5 14.Nb5 Ne8 15.Bd2 h5 16.Rc1 Rf6
17.Be1 Rh6 18.cxd6 cxd6 19.Bf2 b6 20.a4 Bd7 21.Nd2 Ng6 22.a5 bxa5 23.bxa5 g4
24.Kh1 g3 25.hxg3 Qg5 26.gxf4 Nxf4 27.g3 Rg6 28.Na3 Bh6  1/2-1/2